| 000 | 00816nam a2200265 i 4500 | ||
|---|---|---|---|
| 001 | 17485 | ||
| 003 | ES-MaACL | ||
| 005 | 20250827062543.0 | ||
| 007 | t| | ||
| 008 | 010316s2000 sp ||||1| spa d | ||
| 020 | _a84-7476-295-2 | ||
| 080 | _a303 | ||
| 100 | 1 |
_aColler, Xavier. _939687 |
|
| 245 | 1 | 0 |
_aEstudio de casos / _cXavier Coller. |
| 250 | _a1ª ed. | ||
| 260 |
_aMadrid : _bCentro de Investigaciones Sociológicas, _c2000. |
||
| 300 |
_a139 p. ; _c24 cm. |
||
| 490 | 1 |
_aCuadernos metodológicos ; _v30 |
|
| 504 | _aBibliografía: p. [135]-139. | ||
| 650 | 1 | 4 |
_aCiencias sociales- _xMetodología _910996 |
| 710 | 2 |
_aCentro de Investigaciones Sociológicas (España) _92708 |
|
| 830 | 0 |
_aCuadernos metodológicos ; _v30 _9179661 |
|
| 852 |
_aES-MaACL _jL-24299 _bR.129037 |
||
| 999 |
_c17485 _d17485 |
||